Fingerprinting microbial assemblages from the oxic/anoxic chemocline of the Black Sea /

Сохранить в:
Библиографические подробности
Главный автор: Vetriani, Costantino.
Другие авторы: Kerkhof, Lee J., Tran, Hiep V.
Формат: Статья
Язык:English
Предметы:
Метки: Добавить метку
Нет меток, Требуется 1-ая метка записи!
Thư viện lưu trữ: Thư viện Trường Đại học Đà Lạt
LEADER 00906nam a2200289 4500
001 DLU090092911
005 ##20091201
040 # # |a DLU  |b eng 
041 # # |a eng 
044 # # |a us 
100 # # |a Vetriani, Costantino. 
245 # # |a Fingerprinting microbial assemblages from the oxic/anoxic chemocline of the Black Sea /  |c Costantino Vetriani, Hiep V. Tran, Lee J. Kerkhof. 
653 # # |a Anoxia 
653 # # |a Microbial community 
653 # # |a Microorganism 
700 # # |a Kerkhof, Lee J. 
700 # # |a Tran, Hiep V. 
773 # # |t Applied and Environmental Microbiology  |g Vol. 69, no. 11 (November 2003), p. 6481-6488 
920 # # |a Phòng Tạp chí -- Trung tâm Thông tin - Thư viện Trường Đại học Đà Lạt 
994 # # |a DLU 
900 # # |a True 
911 # # |a Trương Bảo Trâm Anh 
925 # # |a G 
926 # # |a A 
927 # # |a BB 
980 # # |a Thư viện Trường Đại học Đà Lạt